书目信息 |
| 题名: |
地理学思想史
|
|
| 作者: | 詹姆斯 著 ;李旭旦 译 | |
| 分册: | ||
| 出版信息: | 北京 商务印书馆 1982.07 |
|
| 页数: | 532页 | |
| 开本: | 21cm | |
| 丛书名: | ||
| 单 册: | ||
| 中图分类: | K90-09 | |
| 科图分类: | ||
| 主题词: | 地理 | |
| 电子资源: | ||
| ISBN: | ||
| 000 | 00590nam0 2200205 45 | |
| 001 | 0405121001 | |
| 005 | 20060819093836.87 | |
| 010 | @dCNY2.20 | |
| 091 | @a12017.265 | |
| 100 | @a20040512d1982 km y0chiy0120 ea | |
| 101 | 0 | @achi |
| 200 | 1 | @a地理学思想史@ADi Li Xue Si Xiang Shi@f(美)普雷斯顿·詹姆斯著@F(Mei)Pu Lei Si Dun·Zhan Mu Si Zhu@g李旭旦译 |
| 210 | @a北京@c商务印书馆@d1982.07 | |
| 215 | @a532页@c照片@d21cm | |
| 606 | 0 | @a地理 |
| 690 | @aK90-09@v3 | |
| 701 | 0 | @a詹姆斯@4著 |
| 702 | 0 | @a李旭旦@ALi Xu Dan@4译 |
| 801 | @aCN@bTSTCL@c20060819 | |
| 905 | @f1@b87903@dK90-09@e24 | |
| 地理学思想史/(美)普雷斯顿·詹姆斯著/李旭旦译.-北京:商务印书馆,1982.07 |
| 532页:照片;21cm |
| ISBN :CNY2.20 |
| ● |
| 相关链接 |
|
|
|
|
正题名:地理学思想史
索取号:K90-09/24
 
预约/预借
| 序号 | 登录号 | 条形码 | 馆藏地/架位号 | 状态 | 备注 |
| 1 | 0087903 | 000079382 | 密集书库/ [索取号:K90-09/24] | 在馆 | |
| 2 | 0087904 | 000079373 | 第二样本阅览室/ [索取号:K90-09/24] | 在馆 | |
| 3 | 0466826 | 204668261 | 密集书库/ [索取号:K90-09/24] | 在馆 |